000 00503nam a22001817a 4500
999 _c3314
_d3314
003 OSt
005 20211117090105.0
008 211101b ||||| |||| 00| 0 eng d
020 _a-
040 _calupe university
050 _aRA960
_b.K49 2021
100 _aVINCENT KEYA
245 _aCHALLENGES AFFECTING HEALTH SERVICES DELIVERY IN THE LABORATORY AT KAKAMEGA COUNTY GENERAL REFERRAL HOSPITAL
250 _a-
260 _aALUPE UNIVERSITY
_b-
_cc2021
300 _a18pgs
942 _2lcc
_cAUCUP
_nDO